Responses for show #7817 - Tuesday, September 11, 2018

Contestants

Becky Warren, a rock musician from Nashville, Tennessee

Lori Goodman, a nonprofit executive director from Goleta, California

Rick Terpstra, an aspiring English teacher from Havertown, Pennsylvania (whose 3-day cash winnings total $60,000)

Jeopardy! Round responses

SCIENCE AROUND US
GO FLY A KITE!
NUMERICAL CINEMA
I'M ALLEN
U.S. HISTORY
THAT ENDED "WELL"
    $200 1
earthquakes

Becky
    $200 11
8 Mile

Rick
    $200 13
Paul Allen

Becky
    $200 19
Webster

Rick
    $200 2
a get well card

Lori
    $400 5
honeybees

Rick
    $400 29
[The end-of-round signal sounds.]

wind power

Rick
    $400 12
Three Men and a Baby

Lori
    $400 17
Tim Allen

Lori
    $400 20
Boss Tweed

Lori
    $400 3
dwell

Lori
    $600 6
oxidation

Rick
    $600 26
(Becky: What is a chariot?)
(Lori: What is a train?)
[Becky's response was ruled correct at the start of Double Jeopardy!, and Lori's penalty for subsequently responding incorrectly was removed.]

a carriage

RickBecky
    $600 14
The 40-Year-Old Virgin

Rick
    $600 18
an attorney (or lawyer)

Becky
    $600 21
Alabama and Mississippi

Lori
    $600 4
farewell

Rick
    $800 7
the Great Barrier Reef

Lori
    $800 27
a box kite

Lori
    $800 15
District 9

Rick
    $800 24
Ethan Allen

Lori
    $800 22
Antietam

Rick
    $800 9
(James) Boswell

Rick
    $1000 8
plastics

Lori
    $3,000 28
(Guglielmo) Marconi

Lori
    $1000 16
12 Monkeys

Rick
    $1000 25
(Alex: We have less than a minute now.)

Advise and Consent

Triple Stumper
    $1000 23
(Becky: What is Charlotte?)

Greensboro

Becky
Triple Stumper
    $1000 10
a groundswell

Becky

Scores at the first commercial break (after clue 15):

Rick Lori Becky
$4,000 $2,800 $1,400

Scores at the end of the Jeopardy! Round:

Rick Lori Becky
$7,000 $8,800 $1,600

Double Jeopardy! Round responses

RELIGIOUS LEADERS
AUTHORS' SECOND NOVELS
THE SECRET OF -NYM
"V"ACATION SPOTS
BROADWAY REPLACEMENTS
UNDER STUDIES
    $400 11
John Paul II

Rick
    $400 6
The Firm

Lori
    $400 20
(Becky: What is an antonym?)

pseudonym

Becky
Triple Stumper
    $400 1
Versailles

Rick
    $400 16
Mamma Mia!

Rick
    $400 19
seaweed (or algae)

Becky
    $800 12
the Dalai Lama

Lori
    $800 7
Robinson Crusoe

Rick
    $800 21
Beijing

Rick
    $800 2
Vermont

Lori
    $800 17
(Hugh) Jackman

Rick
    $800 25
(Alex: Less than a minute now.)

Rome

Becky
    $3,400 13
Georgetown

Lori
    $1200 8
India

Rick
    $1200 22
frack

Lori
    $1200 3
the Volga

Lori
    $1200 18
(Rick: Who is August Wilson?)

August: Osage County

RickBecky
    $1200 26
Energy

Rick
    $1600 14
(Desmond) Tutu

Rick
    $1600 9
Twilight

Lori
    $2,000 28
OPEC

Rick
    $1600 4
Virginia Beach

Becky
    $1600 23
(Rick: What is The Lion King?)
(Lori: What is Aladdin?)

Beauty and the Beast

RickLori
Triple Stumper
    $1600 27
(Lori: What is the subconscious?)

the unconscious

Lori
Triple Stumper
    $2000 15
John Knox

Triple Stumper
    $2000 10
Fitzgerald

Rick
    $2000 29
fox

Lori
    $2000 5
(Becky: What is Vanatu?)

Vanuatu

RickBecky
    $2000 24
Herman Wouk

Triple Stumper
    $2000 30
(Alex: From the Iliad, by Homer.)

Tartarus

Lori

Scores at the end of the Double Jeopardy! Round:

Rick Lori Becky
$17,800 $19,000 $3,200

[wagering suggestions for these scores]

Final Jeopardy! Round responses

DESIGN
BeckyWhat is Bauhaus?
$0
RickWhat is B Bauhaus?
$11,399
LoriWhat is Bauhaus?
$15,401
Bauhaus

Final scores:

Rick Lori Becky
$29,199 $34,401 $3,200
2nd place: $2,000 New champion: $34,401 3rd place: $1,000

Game dynamics:

Coryat scores:

Rick Lori Becky
$17,400 $14,800 $3,200
24 R
(including 1 DD),
2 W
20 R
(including 2 DDs),
2 W
9 R,
3 W

Combined Coryat: $35,400

The J! Archive is created by fans, for fans. The Jeopardy! game show and all elements thereof, including but not limited to copyright and trademark thereto, are the property of Jeopardy Productions, Inc. and are protected under law. This website is not affiliated with, sponsored by, or operated by Jeopardy Productions, Inc. Join the discussion at JBoard.tv.